John Maynard Keynes y al economía del siglo XXI /
Los acontecimientos de los años setenta favorecieron el predominio de la teoría clásica del mercado eficiente entre los encargados de la política económica En la búsqueda de una "tercera vía" entre planeación y laissez faire, se está resucitando la teoría keynesiana de la preferencia de li...
Uloženo v:
| Hlavní autor: | |
|---|---|
| Médium: | Text |
| Témata: | |
| Tagy: |
Přidat tag
Žádné tagy, Buďte první, kdo vytvoří štítek k tomuto záznamu!
|
MARC
| LEADER | 00000 a a2200000 04500 | ||
|---|---|---|---|
| 001 | 3494 | ||
| 003 | |||
| 040 | |||
| 100 | |a Davidson, Paul | ||
| 245 | |a John Maynard Keynes y al economía del siglo XXI / |c Paul Davidson | ||
| 520 | |a Los acontecimientos de los años setenta favorecieron el predominio de la teoría clásica del mercado eficiente entre los encargados de la política económica En la búsqueda de una "tercera vía" entre planeación y laissez faire, se está resucitando la teoría keynesiana de la preferencia de liquidez, cuya pertinencia actual y aspectos fundamentales se examinan. REV/SCM | ||
| 650 | |a ECONOMIA | ||
| 650 | |a TEORIA ECONOMICA | ||
| 773 | |g volumen 51, número 1; páginas 3-14 | ||
| 999 | |c 32467 |d 32467 | ||
